000
00210 a2200097 4500
001
30182
100
_a
Steinbeck, J
245
_a
Travels with charley
260
_a
London
_b
Pan Books
_c
090
_c
20125
_d
20125
942
_a
NUST-CAE
_c
M
_c
11254
999
_c
265255
_d
265255